Energy from waste: An evaluation of conversion technologies / (Record no. 9693)
[ view plain ]
| 000 -LEADER | |
|---|---|
| fixed length control field | 00486cam a2200181ua 4500 |
| 003 - CONTROL NUMBER IDENTIFIER | |
| control field | OSt |
| 008 - FIXED-LENGTH DATA ELEMENTS--GENERAL INFORMATION | |
| fixed length control field | 241101b |||||||| |||| 00| 0 eng d |
| 020 ## - INTERNATIONAL STANDARD BOOK NUMBER | |
| ISBN | 0-85334-352-7 |
| 041 ## - LANGUAGE CODE | |
| Language code of text/sound track or separate title | eng |
| 082 ## - DEWEY DECIMAL CLASSIFICATION NUMBER | |
| Classification number | 621.47 |
| Item number | PAR/EN |
| 100 ## - MAIN ENTRY--AUTHOR NAME | |
| Personal name | Parker, Colin . |
| 245 00 - TITLE STATEMENT | |
| Title | Energy from waste: An evaluation of conversion technologies / |
| 250 ## - EDITION STATEMENT | |
| Edition statement | 1 / |
| 260 ## - PUBLICATION, DISTRIBUTION, ETC. (IMPRINT) | |
| Place of publication | London : |
| Name of publisher | Elsevier applied sciences , |
| Year of publication | 1985. |
| 300 ## - PHYSICAL DESCRIPTION | |
| Number of Pages | 217 ; . |
| 700 1# - ADDED ENTRY--PERSONAL NAME | |
| Personal name | Roberts, Tim . |
| 942 ## - ADDED ENTRY ELEMENTS (KOHA) | |
| Koha item type | Books |
| Withdrawn status | Lost status | Damaged status | Home library | Current library | Shelving location | Date acquired | Full call number | Accession Number | Koha item type |
|---|---|---|---|---|---|---|---|---|---|
| KAUAET | KAUAET | Shelf- 7A | 27/03/1987 | 621.47 PAR/EN | 16284 | Books |
